[Event "Kashem Chowdhury Rating-A 2019"]
[Site "Dhaka"]
[Date "2019.05.07"]
[Round "4.11"]
[White "Nasiruddin, Apu"]
[Black "Md. Masum Hossain"]
[Result "0-1"]
[WhiteElo "1882"]
[BlackElo "1995"]
[Annotator "NA RC"]
[PlyCount "105"]
[EventDate "2019.05.04"]
[EventType "swiss"]
[EventCountry "BAN"]
[SourceTitle "playchess.com"]
[Source "ChessBase"]
[SourceQuality "1"]
[TimeControl "5400+30"]

1. e4 {[%emt 1:30:30]} c5 {[%emt 1:30:30]} 2. Nc3 {[%emt 0:00:30]} e6 {[%emt 0:00:30]} 3. f4 {[%emt 0:00:30]} d5 {[%emt 0:00:30]} 4. Bb5+ {[%emt 0:00:30]} Nc6 {[%emt 0:00:30]} 5. d3 {[%emt 0:00:30]} Nge7 {[%emt 0:00:30]} 6. Nf3 {[%emt 0:00:30]} d4 {[%emt 0:00:30] B23: Closed Sicilian: Lines without g3} (6... a6 7. Bxc6+ Nxc6 8. O-O Be7 9. Ne2 O-O 10. Be3 b5 11. c3 Bb7 12. Ng3 dxe4 13. dxe4 Qxd1 14. Rfxd1 Rfd8 15. Ne1 Rxd1 16. Rxd1 {½-½ (25) Sequera Paolini,J (2413)-Venkatesh,M (2460) Lienz 2015}) 7. Bxc6+ {[%emt 0:00:30]} Nxc6 {[%emt 0:00:30]} 8. Ne2 g6 {[%emt 0:00:30]} 9. O-O {[%emt 0:01:00]} Bg7 {[%emt 0:00:30]} 10. Qe1 $146 {[%emt 0:00:30]} ({Predecessor:} 10. Ng3 h5 11. e5 Ne7 12. Ne4 Nf5 13. Nxc5 Qe7 14. Ne4 {½-½ (44) Agdestein,E (2057)-Lauda,A (2010) Istanbul 2005}) 10... O-O {[%emt 0:00:30]} 11. Kh1 {[%emt 0:00:30]} f5 {[%emt 0:00:30]} 12. Ng3 {[%emt 0:00:30]} b5 {[%emt 0:00:30]} 13. b3 {[%emt 0:00:30]} Re8 {[%emt 0:00:30]} 14. Qf2 {[%emt 0:00:30]} a5 {[%emt 0:00:30]} 15. a4 {[%emt 0:00:30]} bxa4 {[%emt 0:00:30]} 16. Rxa4 {[%emt 0:00:30]} Ba6 {[%emt 0:00:30]} 17. Ra2 {[%emt 0:00:30]} Nb4 {[%emt 0:00:30]} 18. Ra1 {[%emt 0:00:30]} Bb5 {[%emt 0:00:30]} 19. Ba3 {[%emt 0:00:30]} Qc7 {[%emt 0:00:30]} 20. e5 {[%emt 0:00:30]} Nd5 {[%emt 0:00:30]} 21. Bc1 {[%emt 0:00:30]} a4 {[%emt 0:00:30]} 22. bxa4 {[%emt 0:00:30]} Rxa4 {[%emt 0:00:30]} 23. Rxa4 {[%emt 0:00:30]} (23. Bd2 $17) 23... Bxa4 {[%emt 0:00:30]} 24. Ng5 {[%emt 0:00:30]} h6 {[%emt 0:00:30]} 25. Nh3 {[%emt 0:00:30]} Rb8 {[%emt 0:00:30]} 26. Ba3 {[%emt 0:00:30]} Qa5 {[%emt 0:00:30]} 27. c4 {[%emt 0:00:30]} Ne3 {[%emt 0:00:30]} 28. Qf3 {[%emt 0:00:30]} Nxf1 {[%emt 0:00:30]} 29. Nxf1 {[%emt 0:00:30]} Rb1 {[%emt 0:00:30]} 30. Kg1 $19 {[%emt 0:00:30]} Bc2 {[%emt 0:00:30]} 31. Qe2 {[%emt 0:00:30]} Bb3 {[%emt 0:00:30]} 32. Bxc5 {[%emt 0:00:30]} Qxc5 {[%emt 0:00:30]} 33. g4 {[%emt 0:00:30]} Qb4 {[%emt 0:00:30]} 34. gxf5 {[%emt 0:00:30]} exf5 {[%emt 0:00:30]} 35. Qg2 {[%emt 0:00:30]} Qe1 {[%emt 0:00:30]} 36. Nf2 {[%emt 0:00:30]} Kh7 {[%emt 0:00:30]} 37. h4 {[%emt 0:00:30]} Ba4 {[%emt 0:00:30]} 38. Qh3 {[%emt 0:00:30]} Bc6 {[%emt 0:00:30]} 39. h5 {[%emt 0:00:30]} Qxf1+ {[%emt 0:00:30]} 40. Qxf1 {[%emt 0:00:30]} Rxf1+ {[%emt 0:00:30]} 41. Kxf1 {[%emt 0:00:30]} g5 {[%emt 0:00:30]} 42. fxg5 {[%emt 0:00:30]} hxg5 {[%emt 0:00:30]} 43. e6 {[%emt 0:00:30]} Kh6 {[%emt 0:00:30]} 44. Nh3 {[%emt 0:00:30]} Kxh5 {[%emt 0:00:30]} 45. Kf2 {[%emt 0:00:30]} Be5 {[%emt 0:00:30]} 46. Ng1 {[%emt 0:00:30]} g4 {[%emt 0:00:30]} 47. Ne2 {[%emt 0:00:30]} f4 {[%emt 0:00:30]} 48. c5 {[%emt 0:00:30]} g3+ {[%emt 0:00:30]} 49. Kf1 {[%emt 0:00:30]} f3 {[%emt 0:00:30]} 50. Ng1 {[%emt 0:00:30]} Kg4 {[%emt 0:00:30]} 51. e7 {[%emt 0:00:30]} Bf6 {[%emt 0:00:30]} 52. Ke1 {[%emt 0:00:30]} Be5 {[%emt 0:00:30]} 53. Kd2 0-1

[Event "Kashem Chowdhury Rating-A 2019"]
[Site "Dhaka"]
[Date "2019.05.08"]
[Round "5.1"]
[White "Hossain, Enamul"]
[Black "Sonkalan Bharati"]
[Result "1-0"]
[WhiteElo "2442"]
[BlackElo "2122"]
[Annotator "TA"]
[PlyCount "59"]
[EventDate "2019.05.04"]
[EventType "swiss"]
[EventCountry "BAN"]
[SourceTitle "playchess.com"]
[Source "ChessBase"]
[SourceQuality "1"]

{[%evp 25,59,22,31,27,54,52,45,42,53,43,49,55,75,71,74,79,101,108,104,90,160,147,153,164,165,147,161,154,164,162,153,173,181,162,29994,29995]} 1. e4 c5 2. Nf3 d6 3. d4 cxd4 4. Nxd4 Nf6 5. Nc3 g6 6. Be3 Bg7 7. f3 O-O 8. Qd2 Nc6 9. O-O-O d5 10. Qe1 e5 11. Nxc6 bxc6 12. exd5 Nxd5 13. Bc4 Be6 14. Kb1 {B76: Sicilian Dragon: Yugoslav Attack, 9 g4 and 9 0-0-0} Nxc3+ (14... Rb8 15. Ne4 Qc7 16. Bc5 Rfd8 17. g4 h6 18. Bb3 a5 19. Rg1 Rd7 20. h4 Rbd8 21. a4 Nf4 22. Rxd7 Rxd7 23. Bxe6 Nxe6 {½-½ (32) Anand,V (2776)-Nakamura,H (2787) Moscow 2018}) 15. Qxc3 Qe7 16. Bb3 {[#] Threatens to win with Bc5.White is slightly better.} Bxb3 17. cxb3 {Strongly threatening Bc5.} Qe6 $146 ({Predecessor:} 17... Rfc8 18. Qc4 Bf8 19. Rd2 Rc7 20. h4 h6 21. h5 g5 {1-0 (48) Tsybikov,T (2184)-Syrchikov,A (2399) Moscow 2018}) 18. Rc1 Rfc8 19. Qc4 Qf6 20. Rc2 a5 21. Qe4 Bf8 22. h4 h6 (22... Qf5 $142) 23. h5 $16 g5 24. Rhc1 Ra6 25. Bc5 Bg7 26. Rd1 Qf4 27. Rcd2 {aiming for Rd8+.} Raa8 28. Rd7 Bf6 29. R1d6 Kg7 $2 {[#]} (29... Bg7 $18) 30. Qg6+ {[%mdl 64] Double Attack. Accuracy: White = 89%, Black = 47%.} 1-0

[Event "Kashem Chowdhury Rating-A 2019"]
[Site "Dhaka"]
[Date "2019.05.08"]
[Round "5.2"]
[White "Subrota, Biswas"]
[Black "Rahman, Ziaur"]
[Result "0-1"]
[WhiteElo "2086"]
[BlackElo "2485"]
[Annotator "TA"]
[PlyCount "32"]
[EventDate "2019.05.04"]
[EventType "swiss"]
[EventCountry "BAN"]
[SourceTitle "playchess.com"]
[Source "ChessBase"]
[SourceQuality "1"]

{[%evp 10,32,35,19,43,-163,-160,-127,-131,-263,-266,-253,-257,-263,-260,-335,-328,-323,-318,-329,-297,-294,-289,-320,-314]} 1. d4 d5 2. c4 e6 3. Nf3 Nf6 4. Bg5 Nbd7 5. e3 c6 6. cxd5 Qa5+ {D30: Queen's Gambit Declined: Systems without Nc3} (6... exd5 7. Nc3 Be7 8. Bd3 Nh5 9. Bxe7 Qxe7 10. O-O O-O 11. Qc2 g6 12. Rab1 a5 13. a3 Ng7 14. b4 axb4 15. axb4 Nb6 16. b5 c5 17. dxc5 Qxc5 18. Nd4 Ne6 19. Nce2 Qxc2 20. Bxc2 Nxd4 21. Nxd4 {1-0 (46) Georgiev,V (2554)-Chandra,A (2495) Saint Louis 2015}) 7. Qd2 $2 (7. Nbd2 $14) 7... Bb4 $19 8. Nc3 {[#] And now dxe6 would win.} Ne4 $1 {[%cal Re4d2] Black is better.} ({Don't play} 8... Nxd5 $6 9. Rc1 $11) 9. Nxe4 $146 (9. Qc1 $17) ({Predecessor:} 9. Qc1 Nxc3 10. bxc3 Bxc3+ 11. Nd2 Bxa1 12. dxe6 fxe6 {0-1 (12) Trevisiol,A (1404)-David,F (1964) Montigny le Bretonneux 2018}) 9... Bxd2+ {Black has a decisive advantage.} 10. Nfxd2 exd5 11. Nd6+ Kf8 12. Nf5 Nf6 13. Ng3 Ng4 14. f3 h6 15. Bf4 Nf6 16. Bd6+ Kg8 0-1

[Event "Kashem Chowdhury Rating-A 2019"]
[Site "Dhaka"]
[Date "2019.05.08"]
[Round "5.4"]
[White "Mehdi Hasan Parag"]
[Black "Mohammad Fahad, Rahman"]
[Result "0-1"]
[WhiteElo "2227"]
[BlackElo "2322"]
[Annotator "TA"]
[PlyCount "70"]
[EventDate "2019.05.04"]
[EventType "swiss"]
[EventCountry "BAN"]
[SourceTitle "playchess.com"]
[Source "ChessBase"]
[SourceQuality "1"]

{[%evp 13,70,3,16,0,7,-20,1,-17,-10,-23,-27,-35,-28,-26,23,15,54,56,47,42,31,0,15,-20,-13,-21,-18,-21,-25,-42,0,-72,-26,-31,-2,-10,-5,-3,-6,-18,-4,-51,-48,-50,-48,-41,-51,-162,-174,-143,-165,-208,-204,-239,-237,-308,-299,-904,-867]} 1. Nf3 Nf6 2. g3 c5 3. Bg2 Nc6 4. O-O e5 5. d3 Be7 6. e4 O-O 7. Nc3 d6 8. h3 {A04: Unusual lines after 1 Nf3 and King's Indian Attack} (8. Bg5 Be6 9. a4 h6 10. Bxf6 Bxf6 11. Nd2 g6 12. Nc4 a6 13. Nd5 Bxd5 14. exd5 Na5 15. Nd2 Bg7 16. c3 b6 {1-0 (84) Amin,B (2686)-Delgado Ramirez,N (2619) Batumi 2018}) 8... h6 9. Nh4 Nd4 10. Ne2 {The position is equal.} d5 $146 ({Predecessor:} 10... Ne8 11. Nxd4 cxd4 12. Nf5 Bxf5 13. exf5 {1-0 (35) Markidis,K (2315)-Hadzimanolis,A (2293) Greece 2008}) 11. c3 Nc6 12. Qc2 Be6 13. Nf5 c4 (13... Bxf5 {keeps more tension.} 14. exf5 Qd7 15. g4 Bd6 16. Ng3 Rfe8) 14. Nxe7+ Qxe7 15. exd5 cxd3 16. Qxd3 e4 17. Bxe4 Bxh3 18. Bg2 ({Of course not} 18. dxc6 Bxf1 19. Bf3 Bxe2 $17) (18. Re1 {is more complex.} Ne5 19. Qd4 Nxe4 20. Qxe4 Bg4 21. Nd4) 18... Bxg2 19. Kxg2 Nxd5 20. Nf4 Nf6 21. Qe2 Qc7 22. Qc4 (22. Nh5 $11 Nxh5 23. Qxh5) 22... Rfe8 23. Be3 b5 24. Nd5 Qd6 $36 {[%mdl 2048] Black is pushing.} 25. Nxf6+ Qxf6 26. Qf4 {Black should prevent Qxf6.} Qg6 27. Rfd1 Ne5 {[%cal Bc6e5,Be5c4,Bc4d2][%mdl 32]} 28. Bd4 Qc6+ 29. f3 Nc4 {And now ...Re2+ would win.} 30. b3 {[#]} ({White should play} 30. Re1 $1 $15) 30... g5 $1 $19 {[%cal Rg5f4]} 31. Qf5 Re2+ 32. Kh3 {[#]} Nd2 $1 {[%cal Rd2f3]} 33. Rxd2 Rxd2 34. Re1 Re8 ({Not} 34... Rxa2 35. Qe5 $17) 35. Qf6 $2 {[#]} (35. Re5 Rxe5 36. Qxe5 Qe6+ 37. Qxe6 fxe6 38. a3) 35... g4+ $1 {[%mdl 64] Decoy. Accuracy: White = 25%, Black = 44%.} 0-1

[Event "Kashem Chowdhury Rating-A 2019"]
[Site "Dhaka"]
[Date "2019.05.08"]
[Round "5.5"]
[White "Sumit, Kumar"]
[Black "Rahman, Syed Mahfuzur"]
[Result "1-0"]
[WhiteElo "2201"]
[BlackElo "2217"]
[Annotator "NA RC"]
[PlyCount "91"]
[EventDate "2019.05.04"]
[EventType "swiss"]
[EventCountry "BAN"]
[SourceTitle "playchess.com"]
[Source "ChessBase"]
[SourceQuality "1"]
[TimeControl "5400+30"]

{[%evp 9,66,18,30,15,34,32767,31,33,26,32767,32767,32767,37,8,18,0,11,0,32767,0,25,32767,-12,-14,-5,-12,-22,-27,-10,-30,-23,-13,55,-47,0,0,10,0,32767,2,4,5,14,6,32767,8,32767,0,32767,7,13,8,63,82,76,71,70,76,249]} 1. e4 {[%emt 0:00:00]} c5 {[%emt 0:00:00]} 2. Nf3 {[%emt 0:00:00]} d6 {[%emt 0:00:00]} 3. Bb5+ {[%emt 0:00:03]} Nd7 {[%emt 0:00:17]} 4. O-O {[%emt 0:00:51]} a6 {[%emt 0:04:13]} 5. Bd3 {[%emt 1:31:36]} Ngf6 {[%emt 0:02:57]} 6. c3 {[%emt 0:00:17] B51: Sicilian: Moscow Variation (3 Bb5+) without 3...Bd7} (6. Re1 e6 7. a4 b6 8. c3 Bb7 9. Qe2 Qc7 10. Na3 Be7 11. Bb1 e5 12. d4 cxd4 13. cxd4 exd4 14. Nxd4 {½-½ (42) Jakovenko,D (2719)-Ding,L (2809) Shenzhen 2019}) 6... Ne5 {[%emt 0:11:30]} 7. Nxe5 {[%emt 0:02:17]} dxe5 {[%emt 0:02:16]} 8. Bc2 {[%emt 0:03:17]} g6 {[%emt 0:02:20]} 9. d3 {[%emt 0:00:36]} Bg7 {[%emt 0:01:06]} 10. Be3 {[%emt 0:04:14]} Qc7 {[%emt 0:03:15]} 11. h3 {[%emt 0:02:32]} O-O $146 {[%emt 1:07:36]} ({Predecessor:} 11... Nh5 12. Nd2 {1-0 (78) Rjabzev,K (2270)-Makoveev,I (2041) St Petersburg 2017}) 12. Nd2 {[%emt 0:07:10]} Nh5 {[%emt 0:10:16]} 13. Nf3 {[%emt 0:05:29]} h6 {[%emt 0:10:17]} 14. Rc1 {[%emt 0:02:47]} Rd8 {[%emt 0:04:06]} 15. Qe2 {[%emt 0:06:22]} Be6 {[%emt 0:08:22]} 16. Rfd1 {[%emt 0:04:28]} Rac8 {[%emt 0:02:34]} 17. d4 {[%emt 0:26:27]} cxd4 {[%emt 0:02:00]} 18. cxd4 {[%emt 0:00:11]} exd4 {[%emt 0:01:15]} 19. Nxd4 {[%emt 0:02:49]} Bc4 {[%emt 0:04:10]} 20. Qf3 {[%emt 0:05:30]} e5 {[%emt 0:09:51]} (20... Bxd4 $1 $11 21. Rxd4 Rxd4 22. Bxd4 Bxa2) 21. Ne2 {[%emt 0:11:14]} (21. Bd3 $14 b5 22. b3) 21... Qe7 {[%emt 0:04:17]} ({Better is} 21... Bxa2 $15 22. Nc3 Be6) 22. Nc3 {[%emt 0:01:28]} Nf6 {[%emt 0:03:54]} 23. a3 {[%emt 0:02:30]} b5 {[%emt 0:00:57]} 24. Rxd8+ {[%emt 0:02:14]} Rxd8 {[%emt 0:00:04]} 25. Rd1 {[%emt 0:00:04]} Rxd1+ {[%emt 0:02:02]} 26. Qxd1 {[%emt 0:00:05]} Qd7 {[%emt 0:00:13]} 27. f3 {[%emt 0:02:20]} Bf8 {[%emt 0:01:45]} 28. Kf2 {[%emt 0:01:15]} Qxd1 {[%emt 0:00:55]} 29. Bxd1 {[%emt 0:00:01]} Nd7 {[%emt 0:00:39]} 30. Be2 {[%emt 0:00:05]} f5 {[%emt 0:01:48]} 31. Bxc4+ {[%emt 0:02:54]} bxc4 {[%emt 0:00:01]} 32. Ke2 {[%emt 0:01:38]} Kf7 {[%emt 0:01:45]} 33. Kd2 {[%emt 0:00:28]} Nb8 $18 {[%emt 0:01:42]} (33... Ke6 $16 {keeps fighting.}) 34. Nd5 {[%emt 0:00:39]} fxe4 {[%emt 0:00:25]} 35. fxe4 {[%emt 0:00:02]} Nc6 {[%emt 0:00:36]} 36. Kc3 {[%emt 0:00:25]} Na5 {[%emt 0:01:01]} 37. Nc7 {[%emt 0:00:37]} g5 {[%emt 0:00:37]} 38. Nxa6 {[%emt 0:00:19]} Ke6 {[%emt 0:00:12]} 39. Nc7+ {[%emt 0:02:01]} Kd6 {[%emt 0:00:12]} 40. Nd5 {[%emt 0:00:17]} Kc6 {[%emt 0:00:19]} 41. Bb6 {[%emt 0:01:13]} Nb3 {[%emt 0:01:10]} 42. Kxc4 {[%emt 0:00:35]} Nd2+ {[%emt 0:00:38]} 43. Kd3 {[%emt 0:00:06]} Nb3 {[%emt 0:00:12]} 44. Kc2 {[%emt 0:01:00]} Nd4+ {[%emt 0:00:30]} 45. Bxd4 {[%emt 0:00:07]} exd4 {[%emt 0:00:02]} 46. Kd3 {[%emt 0:00:06]} 1-0

[Event "Kashem Chowdhury Rating-A 2019"]
[Site "Dhaka"]
[Date "2019.05.08"]
[Round "5.6"]
[White "Islam, Mohammad Aminul"]
[Black "Ahmed, Sk. Nasir"]
[Result "1/2-1/2"]
[WhiteElo "2027"]
[BlackElo "2170"]
[Annotator "NA RC"]
[PlyCount "64"]
[EventDate "2019.05.04"]
[EventType "swiss"]
[EventCountry "BAN"]
[SourceTitle "playchess.com"]
[Source "ChessBase"]
[SourceQuality "1"]
[TimeControl "5400+30"]

{[%evp 8,64,2,-26,32767,-21,-22,-19,0,-24,10,-39,-43,-40,32767,-38,0,32767,0,0,0,0,0,0,27,0,0,0,0,32767,-36,32767,32767,32767,0,-199,0,0,0,0,32767,-4,0,-6,42,0,96,110,138,36,36,46,36,0,32767,0,0,0,0]} 1. e4 {[%emt 0:08:37]} c6 {[%emt 0:00:05]} 2. d3 {[%emt 0:00:28]} d5 {[%emt 0:00:13]} 3. Nd2 {[%emt 0:00:07]} e5 {[%emt 0:00:41]} 4. Ngf3 {[%emt 0:00:31]} Bd6 {[%emt 0:00:50]} 5. g3 {[%emt 0:01:50]} Nf6 {[%emt 0:00:18]} 6. Bg2 {[%emt 0:00:08]} O-O {[%emt 0:00:09]} 7. O-O {[%emt 0:00:15]} a5 {[%emt 0:05:58] B10: Caro-Kann: 2 d3 and 2 c4} (7... Re8 8. Re1 Nbd7 9. c3 h6 10. Qc2 Nf8 11. b3 Ng6 12. Bb2 Bg4 13. h3 Be6 14. Rad1 Qc7 15. Nf1 Rad8 16. Ne3 Qc8 17. Kh2 {0-1 (39) Mamedyarov,S (2799)-Grischuk,A (2772) Huaian 2017}) 8. a4 {[%emt 0:00:44]} Na6 {[%emt 0:02:46]} 9. Re1 {[%emt 0:00:35]} Re8 {[%emt 0:00:17]} 10. h3 {[%emt 0:01:10]} Qc7 {[%emt 0:12:36]} 11. c3 $146 {[%emt 0:05:31]} ({Predecessor:} 11. Nb3 dxe4 12. dxe4 Be6 13. Nbd2 Rad8 14. Bf1 Nc5 15. Qe2 h6 16. Bg2 {0-1 (40) McKerracher,D-Grant,J (2272) Glasgow 2008}) 11... b6 {[%emt 0:04:06]} 12. d4 {[%emt 0:11:31]} exd4 {[%emt 0:12:23]} 13. Nxd4 {[%emt 0:03:54]} Bd7 {[%emt 0:02:23]} 14. exd5 {[%emt 0:02:31]} Rxe1+ {[%emt 0:02:55]} 15. Qxe1 {[%emt 0:00:12]} cxd5 {[%emt 0:00:03]} 16. Nb5 {[%emt 0:06:31]} Bxb5 {[%emt 0:00:55]} 17. axb5 {[%emt 0:00:02]} Nc5 {[%emt 0:00:19]} 18. Qf1 {[%emt 0:02:20]} Re8 {[%emt 0:00:38]} 19. Nf3 {[%emt 0:01:44]} Nb3 {[%emt 0:00:41]} 20. Rb1 {[%emt 0:00:16]} Ne4 {[%emt 0:05:14]} 21. Qd3 $2 {[%emt 0:05:25] [#]} (21. Be3 $11) 21... Bc5 $2 {[%emt 0:09:05]} (21... Nxf2 $1 $19 {[%mdl 512]} 22. Kxf2 Bc5+ 23. Nd4 Bxd4+ 24. cxd4 Nxc1) 22. Be3 {[%emt 0:07:09]} Nxg3 {[%emt 0:01:05]} 23. Nd4 {[%emt 0:07:12]} Nxd4 {[%emt 0:06:11]} 24. cxd4 {[%emt 0:00:45]} Bb4 {[%emt 0:01:07]} 25. Bxd5 {[%emt 0:02:45]} Nh5 {[%emt 0:01:20]} 26. Rc1 {[%emt 0:04:37]} Qd6 {[%emt 0:00:59] [#]} (26... Qd7 $11 27. Qc4 Qf5) 27. Qf5 $1 {[%emt 0:02:06]} Nf6 {[%emt 0:03:13]} 28. Rc8 {[%emt 0:03:08]} (28. Bb3 $16) 28... Rxc8 {[%emt 0:00:35]} 29. Qxc8+ {[%emt 0:00:02]} Qf8 {[%emt 0:00:01]} 30. Qxf8+ {[%emt 0:01:44]} Kxf8 {[%emt 0:00:09]} 31. Bc6 {[%emt 0:00:54]} Ke7 {[%emt 0:02:41]} 32. Kf1 {[%emt 0:04:13]} Kd8 $11 {[%emt 0:15:20]} 1/2-1/2

[Event "Kashem Chowdhury Rating-A 2019"]
[Site "Dhaka"]
[Date "2019.05.08"]
[Round "5.7"]
[White "Mohammad, Javed"]
[Black "Md Aminul Islam"]
[Result "1-0"]
[WhiteElo "2152"]
[BlackElo "2012"]
[Annotator "TA"]
[PlyCount "51"]
[EventDate "2019.05.04"]
[EventType "swiss"]
[EventCountry "BAN"]
[SourceTitle "playchess.com"]
[Source "ChessBase"]
[SourceQuality "1"]

{[%evp 10,51,22,11,59,32,78,-21,50,-50,-40,-36,-17,-21,0,0,0,-15,71,72,105,108,137,58,79,79,117,112,186,178,176,162,183,141,204,187,214,215,397,398,395,309,319,317]} 1. e4 c6 2. d4 d5 3. e5 c5 4. dxc5 Nc6 5. Nf3 Bg4 6. Bb5 e6 {B12: Caro-Kann: Advance Variation} 7. b4 Nge7 (7... a5 8. c3 g6 9. Qa4 Qc7 10. Nd4 Nge7 11. Bf4 f6 12. Bd3 Qb8 13. b5 Nxe5 14. O-O {½-½ (52) Onischuk,V (2612)-Motylev,A (2653) Al Ain 2015}) 8. Bg5 $146 (8. Nbd2 $16) ({Predecessor:} 8. Nbd2 Ng6 9. h3 Bxf3 10. Nxf3 a5 11. c3 Be7 12. O-O O-O 13. Re1 f6 14. exf6 Bxf6 15. Rxe6 Bxc3 {1-0 (25) Muzychuk,A (2545)-Muzychuk,M (2529) Beijing 2014}) 8... Qc7 ({Black should play} 8... a5 $11) 9. Bxe7 ({Better is} 9. Nbd2 $14) 9... Bxe7 10. Nbd2 O-O {[#] Strongly threatening ...Nd4!} 11. Bxc6 $1 {Threatens to win with Ba4.} bxc6 12. O-O $36 {[%mdl 2048] White fights for an advantage.} a5 13. a3 f6 {[#]} (13... Bg5 $11 {remains equal.}) 14. Qe2 $1 $16 Rfb8 15. c3 axb4 16. cxb4 (16. axb4 $16 Bf5 17. h3) 16... Qc8 {...fxe5 would now be nice for Black.} 17. h3 Bh5 18. Qe3 fxe5 (18... Rb7 $16) 19. Nxe5 $18 Bf6 20. f4 Qc7 21. g4 Be8 (21... Bg6 $16 22. Ndf3 Be4) 22. Ndf3 Bd7 23. g5 Be7 $2 (23... Bxe5 {might work better.} 24. Nxe5 Be8) 24. Nd4 Re8 25. Nxd7 Qxd7 26. Qxe6+ {Accuracy: White = 49%, Black = 12%.} 1-0

[Event "Kashem Chowdhury Rating-A 2019"]
[Site "Dhaka"]
[Date "2019.05.08"]
[Round "5.8"]
[White "Md.abu, Hanif"]
[Black "Md. Jamal Uddin"]
[Result "1/2-1/2"]
[WhiteElo "2042"]
[BlackElo "2084"]
[Annotator "NA RC"]
[PlyCount "27"]
[EventDate "2019.05.04"]
[EventType "swiss"]
[EventCountry "BAN"]
[SourceTitle "playchess.com"]
[Source "ChessBase"]
[SourceQuality "1"]
[TimeControl "5400+30"]

{[%evp 13,27,58,56,46,68,32767,32767,77,112,130,32767,121,129,113,129,125]} 1. d4 {[%emt 1:30:30]} f5 {[%emt 0:00:50]} 2. Bf4 {[%emt 0:00:41]} Nf6 {[%emt 0:00:27]} 3. e3 {[%emt 0:00:16]} g6 {[%emt 0:00:43]} 4. h3 {[%emt 0:00:26]} Bg7 {[%emt 0:00:20]} 5. Nf3 {[%emt 0:00:09]} O-O {[%emt 0:01:35]} 6. Nbd2 {[%emt 0:00:24]} c6 {[%emt 1:29:05]} 7. Be2 {[%emt 0:00:32]} d6 {[%emt 0:02:09]} 8. O-O {[%emt 0:00:27]} Qe8 {[%emt 0:00:51]} 9. c3 {[%emt 0:01:11]} h6 {[%emt 0:03:04]} 10. Bh2 {[%emt 0:00:26]} Ne4 {[%emt 0:02:14]} 11. Nxe4 {[%emt 0:00:19]} fxe4 {[%emt 0:00:05]} 12. Nd2 {[%emt 0:00:05]} d5 {[%emt 0:00:41]} 13. f3 {[%emt 0:00:24]} exf3 $16 {[%emt 0:00:28]} 14. Nxf3 {[%emt 0:00:13]} 1/2-1/2